Wrestlers by Picture 27: TNA Wrestling 2000's - Statistics

General Stats
  • This quiz has been taken 70 times
  • The average score is 13 of 16
Answer Stats
Picture Answer % Correct
Kurt Angle
100%
Samoa Joe
97%
AJ Styles
95%
Christian Cage
95%
Scott Steiner
95%
Jeff Jarrett
92%
Rhino
90%
Bobby Roode
85%
Abyss
84%
Christopher Daniels
82%
Shark Boy
81%
Chris Sabin
73%
Alex Shelley
69%
James Storm
69%
Eric Young
56%
Petey Williams
39%
No matching quizzes found
Score Distribution
Percent of People with Each Score
Percentile by Number Answered
Your Score History
You have not taken this quiz